Statistics for Island Countries in Oceania

Click here to take the quiz!

General Stats

  • This quiz has been taken 22 times
  • The average score is 12 of 14

Answer Stats

Answer% Correct
1Australia
100%
2Fiji
100%
6Nauru
94%
7New Zealand
94%
14Vanuatu
94%
3Kiribati
89%
4Marshall Islands
89%
5Micronesia
89%
8Palau
89%
10Samoa
89%
11Solomon islands
89%
12Tonga
89%
13Tuvalu
89%
9Papa New guinea
33%

Score Distribution

Percentile by Number Answered

Percent of People with Each Score

Your Score History

You have not taken this quiz